Bài giảng vật lý đại cương

Saved in:
Bibliographic Details
Main Author: Lê Đình
Format: Book
Published: Huế ĐHSP Huế 2001
Subjects:
Tags: Add Tag
No Tags, Be the first to tag this record!
Institutions: Trung tâm Học liệu Lê Vũ Hùng, Trường Đại học Đồng Tháp
LEADER 00877pam a22002778a 4500
001 00023725
005 20171026081023.0
008 110629s2001 ||||||Viesd
041 0 # |a Vie 
082 1 4 |a 530.071  |b B103GI 
100 0 # |a Lê Đình 
245 0 0 |a Bài giảng vật lý đại cương  |c Lê Đình 
260 # # |a Huế  |b ĐHSP Huế  |c 2001 
300 # # |a 99tr.  |c 28cm. 
500 # # |a ĐTTS ghi: ĐH Huế.Trường ĐHSP 
653 # # |a bài giảng 
653 # # |a vật lý học đại cương 
653 # # |a vật lý học cổ điển 
653 # # |a thuyết lượng tử 
852 # # |b Kho giáo trình  |j KGT.0006164 
852 # # |j KGT.0006164 
852 # # |b Kho mượn  |j KGT.0006164 
910 0 # |d 29/06/2011 
980 # # |a Trung tâm Học liệu Lê Vũ Hùng, Trường Đại học Đồng Tháp